000 00616cam a22002293a 4500
001 19204
003 PGUSA
005 20140828083416.0
008 060907s2006||||xxu|||||s|||||000 1 eng d
040 _aPGUSA
_beng
042 _adc
050 4 _aPS
100 1 _aNicholson, Meredith,
_d1866-1947
245 1 0 _aLady Larkspur
_h[electronic resource] /
_cMeredith Nicholson
260 _bProject Gutenberg,
_c2006
506 _aPublic domain in the USA.
516 _aElectronic text
653 _aFiction
830 0 _aProject Gutenberg
_v19204
856 4 0 _uhttp://www.gutenberg.org/ebooks/19204
942 _cEB
999 _c248459
_d248459